| 000 | 01357pam a2200373 a 4500 | ||
|---|---|---|---|
| 001 | 1182445 | ||
| 003 | OSt | ||
| 005 | 20140310182741.0 | ||
| 008 | 971020s1998 maua b 001 0 eng | ||
| 010 | _a 97038915 | ||
| 020 | _a0071168885 | ||
| 040 |
_aDLC _cDLC _dDLC |
||
| 050 | 0 | 0 |
_aHB 171.5 _b.Sa193 1998 |
| 082 | 0 | 0 |
_aM 330 _b.Sa4 1998 |
| 100 | 1 |
_aSamuelson, Paul A. _q(Paul Anthony), _d1915-2009. |
|
| 245 | 1 | 0 |
_aEconomics / _cSamuelson, Paul A. |
| 250 | _a16th ed. | ||
| 260 |
_aBoston, Mass : _bIrwin McGraw-Hill, _cc1998. |
||
| 300 |
_axxxvii, 781 p. : _bill. (some col.) ; _c26 cm. |
||
| 500 | _aAlso issued in two separate volumes under titles: Macroeconomics, sixteenth ed. and Microeconomics, sixteenth ed. | ||
| 504 | _aIncludes bibliographical references and index. | ||
| 521 | _aCollege Students | ||
| 526 | _c1210L to 1700L | ||
| 541 | _j1 | ||
| 562 | _eFor Circulation. 1 copies in the collection. | ||
| 650 | 0 | _aEconomics. | |
| 700 | 1 | _aNordhaus, William D. | |
| 700 | 1 |
_aSamuelson, Paul A. _q(Paul Anthony), _d1915-2009. _tMacroeconomics. |
|
| 700 | 1 |
_aSamuelson, Paul A. _q(Paul Anthony), _d1915-2009. _tMicroeconomics. |
|
| 906 |
_a7 _bcbc _corignew _d1 _eocip _f19 _gy-gencatlg |
||
| 942 |
_2lcc _cBK _kM |
||
| 999 |
_c15570 _d15570 |
||